El fallo de la Corte Internacional de Justicia en el caso "Obligación de negociar acceso al Océano Pacífico" (Bolivia v. Chile), 1 de octubre de 2018
Kaydedildi:
| Müşterek Yazar: | |
|---|---|
| Diğer Yazarlar: | |
| Materyal Türü: | Kitap |
| Dil: | İngilizce |
| Baskı/Yayın Bilgisi: |
Santiago, Chile:
Gráfica LOM,
2019
|
| Edisyon: | 1.ª edición |
| Konular: | |
| Etiketler: |
Etiketle
Etiket eklenmemiş, İlk siz ekleyin!
|
MARC
| LEADER | 00000nam a22000007a 4500 | ||
|---|---|---|---|
| 003 | CL-VaPUC | ||
| 005 | 20221103082933.0 | ||
| 008 | 211206b2019 ||||| |||| 00| 0 eng d | ||
| 999 | |c 434264 |d 434262 | ||
| 020 | |a 978-956-09396-0-9 | ||
| 040 | |c Pontificia Universidad Católica de Valparaíso | ||
| 082 | 0 | 4 | |a 327.83084 GRO 2019 |2 21 |
| 100 | 1 | |a Grossman Guiloff, Claudio Mauricio |e editor |9 865105 | |
| 245 | 1 | 3 | |a El fallo de la Corte Internacional de Justicia en el caso "Obligación de negociar acceso al Océano Pacífico" (Bolivia v. Chile), 1 de octubre de 2018 |
| 250 | |a 1.ª edición | ||
| 260 | |a Santiago, Chile: |b Gráfica LOM, |c 2019 | ||
| 300 | |a 149 páginas | ||
| 500 | |a Donación Sra. María Graciela Brantt - Decana. Memo 008/DER 23-11-2021 c.3 -Donación Sr. Claudio Elórtegui R., / julio 2022. | ||
| 583 | |c 20211206 |k GC | ||
| 610 | |a Corte Internacional de Justicia |9 866087 |x Fallos judiciales | ||
| 650 | 1 | |a Relaciones internacionales |x Tratados internacionales |x Tratado de paz y amistad |y 1904 |z Chile |z Bolivia |9 866088 | |
| 710 | |a Ministerio de Relaciones Exteriores |9 865106 |e autor | ||
| 942 | |2 ddc |c BK | ||
| 952 | |0 0 |1 0 |2 ddc |4 0 |6 327_830840000000000_GRO_2019 |7 0 |8 A |9 579465 |a BIBDER |b BIBDER |d 2021-12-06 |e Donación |i 5628024 |o 327.83084 GRO 2019 |p 5628024 |r 2023-01-25 |t 1 |w 2021-12-06 |y BK |k DER | ||
| 952 | |0 0 |1 0 |2 ddc |4 0 |6 327_830840000000000_GRO_2019 |7 0 |8 A |9 587546 |a BIBHIS |b BIBHIS |c GEN |d 2022-11-03 |e Donación |i 5655378 |o 327.83084 GRO 2019 |p 5655378 |r 2025-01-20 |t 3 |w 2022-11-03 |y BK |k HIS | ||